000 00629nam a2200217Ii 4500
003 JO-AjNU
008 230606s9999||||xx |||||||||||||| ||und||
020 _a978-81-906116-8-8
040 _aJO-AjNU
_beng
_erda
_cJO-AjNU
041 _aeng
050 1 4 _aQA76.73.C154.S23.2007
100 3 _aSahoo.Gagan,
_eauthor
_9256
245 0 0 _aBenginners Guide TO C# 2005 Wite.Net 3.0
250 _a1 ed
264 3 1 _anew delhi:KhannaBook,2007
300 _a548p
336 _atext
_btxt
_2rdacontent
337 _aunmediated
_bn
_2rdamedia
338 _avolume
_bnc
_2rdacarrier
650 4 _aBenginners Guide TO C# 2005 Wite.Net 3.0
_9257
999 _aE134
_c134
_d134